Llwytho...
HRD climate in India: case study of a power generating public sector enterprise
| Prif Awdur: | |
|---|---|
| Fformat: | Printed Book |
| Iaith: | Undetermined English |
| Cyhoeddwyd: |
New Delhi
Global research publications
2011
|
| LEADER | 00711nam a2200157Ia 4500 | ||
|---|---|---|---|
| 008 | 140306s9999 xx 000 0 und d | ||
| 041 | |a eng | ||
| 082 | |a 658.409 |b RAO | ||
| 100 | |a Rao, Nagewara B | ||
| 245 | |a HRD climate in India: case study of a power generating public sector enterprise | ||
| 260 | |a New Delhi |b Global research publications |c 2011 | ||
| 365 | |b Rs 1195/- | ||
| 942 | |2 ddc |c BK | ||
| 999 | |c 86177 |d 86177 | ||
| 952 | |0 0 |1 0 |2 ddc |4 0 |6 658_409000000000000_RAO |7 0 |9 83104 |a KAUACV |b KAUACV |d 2013-02-15 |g 1195.00 |o 658.409 RAO |p KAU_ACV-27327 |r 2014-03-22 |w 2014-03-22 |y BK | ||
| 952 | |0 0 |1 0 |2 ddc |4 0 |6 658_409000000000000_RAO |7 0 |9 83105 |a KAUACV |b KAUACV |d 2013-02-15 |g 1195.00 |o 658.409 RAO |p KAU_ACV-27328 |r 2014-03-22 |w 2014-03-22 |y BK | ||